书目信息 |
| 题名: |
康有为的哲学思想
|
|
| 作者: | 邝柏林 著 | |
| 分册: | ||
| 出版信息: | 北京 中国社会科学出版社 1980 |
|
| 页数: | 170页 | |
| 开本: | 19cm | |
| 丛书名: | ||
| 单 册: | ||
| 中图分类: | B258.5 | |
| 科图分类: | ||
| 主题词: | 哲学思想-康有为 | |
| 电子资源: | ||
| ISBN: | ||
| 000 | 00640nam0 2200241 45 | |
| 001 | 0180005733 | |
| 005 | 20060728144054.76 | |
| 010 | @dCNY0.53 | |
| 091 | @aCN@b2190.013 | |
| 100 | @a19950123d1980 kemy0chiy0121 ea | |
| 101 | 0 | @achi |
| 102 | @aCN@b110000 | |
| 105 | @ay z 000yy | |
| 200 | 10 | @a康有为的哲学思想@Akang you wei de zhe xue si xiang@f邝柏林著 |
| 210 | @a北京@c中国社会科学出版社@d1980 | |
| 215 | @a170页@d19cm | |
| 600 | 0 | @a康有为@x哲学思想 |
| 606 | @a哲学思想-康有为 | |
| 690 | @aB258.5@v3 | |
| 701 | 0 | @a邝柏林@Akuang bai lin@4著 |
| 801 | 2 | @aCN@bNLC@c20060728 |
| 801 | 0 | @aCN@bTSSF |
| 905 | @a10447@dB258.5@e35 | |
| 康有为的哲学思想/邝柏林著.-北京:中国社会科学出版社,1980 |
| 170页;19cm |
| ISBN :CNY0.53 |
| ● |
| 相关链接 |
|
|
|
|
正题名:康有为的哲学思想
索取号:B258.5/35
 
预约/预借
| 序号 | 登录号 | 条形码 | 馆藏地/架位号 | 状态 | 备注 |
| 1 | 0440410 | 204404108 | 密集书库/ [索取号:B258.5/35] | 在馆 |